000 00974nam a22002177a 4500
999 _c2372
_d2372
003 AR-CdUCM
008 190304b ||||| |||| 00| 0 spa d
040 _aMUNICIPALIDAD PROVINCIAL DEL CUSCO
_cBIBLIOTECA MUNICIPAL DEL CUSCO
082 _a372.6 /
_bSM61
100 _aSmith, Lee L.
_98525
245 _aLa realidad de la escuela sin grados /
260 _aBuenos Aires :
_bEstrada,
_c1974.
300 _a245 páginas ;
_c19 cm.
440 _aBiblioteca de ciencias de la educación.
_98526
505 _aContenido: Preparación para el paso al programa sin grados -- Reorganización del plan de estudios: del tradicional al sistema sin grados -- Formación de grupos para la instrucción sin grados -- Utilización de auxiliares del docente en nuestro programa sin grados -- Enseñanza en equipo. Un plan de cooperación ...
650 _aEducación
_9460
650 _aEscuela
_91856
650 _aPrograma de educación
_98527
942 _2ddc
_cLIBROS
945 _azta